StarLadder Budapest Major CS2 - Participants - Statistiques

Statistiques générales
  • Ce quiz a été pris 34 fois
    31 depuis la dernière actualisation
  • Le résultat moyen est 59 sur 192
Statistiques - réponses
Réponse % Correct
Team Vitality
100%
FaZe Clan
95%
FURIA
95%
Team Spirit
95%
The MongolZ
95%
apEX
89%
Natus Vincere
89%
ZywOo
89%
flameZ
84%
G2 Esports
84%
mezii
84%
MOUZ
84%
ropz
84%
Team Falcons
84%
3DMAX
79%
donk
79%
iM
79%
molodoy
79%
Spinx
79%
910
74%
b1t
74%
br0
74%
chopper
74%
FalleN
74%
Maka
74%
sh1ro
74%
Team Liquid
74%
zweih
74%
bodyy
68%
KSCERATO
68%
Legacy
68%
m0NESY
68%
tN1R
68%
w0nderful
68%
xertioN
68%
Aleksib
63%
Astralis
63%
B8
63%
bLitz
63%
Ex3rcice
63%
Graviti
63%
makazze
63%
NiKo
63%
Techno4K
63%
YEKINDAR
63%
yuurih
63%
Aurora Gaming
58%
Brollan
58%
karrigan
58%
paiN Gaming
58%
TYLOO
58%
broky
53%
Jimpphat
53%
Lucky
53%
malbsMd
53%
PARIVISION
53%
SunPayus
53%
TeSeS
53%
torzsi
53%
Twistzz
53%
controlez
47%
EliGE
47%
frozen
47%
kyxsan
47%
mzinho
47%
dev1ce
42%
HeavyGod
42%
huNter-
42%
kyousuke
42%
Magisk
42%
Passion UA
42%
XANTARES
42%
matys
37%
Fnatic
37%
jcobbb
37%
M80
37%
NRG
37%
The Huns Esports
37%
FlyQuest
32%
GamerLegion
32%
HooXi
32%
jabbi
32%
Jame
32%
Lynn Vision Gaming
32%
NAF
32%
siuhy
32%
Wicadia
32%
Imperial Esports
26%
MAJ3R
26%
MIBR
26%
NertZ
26%
s1n
26%
Rare Atom
21%
RED Canids
21%
snow
21%
ultimate
21%
woxic
21%
biguzera
16%
Fluxo
16%
Grim
16%
jottAAA
16%
KRIMZ
16%
Staehr
16%
Attacker
11%
cobrazera
11%
dgt
11%
dumau
11%
EmiliaQAQ
11%
fear
11%
hallzerk
11%
jackasmo
11%
jks
11%
Kvem
11%
nin9
11%
Ninjas in Pyjamas
11%
nitr0
11%
blameF
5%
C4LLM3SU3
5%
dav1deuS
5%
exit
5%
hypex
5%
INS
5%
insani
5%
jambo
5%
Jee
5%
Jeorge
5%
JT
5%
Lake
5%
Lucaozy
5%
nettik
5%
nicx
5%
nota
5%
nqz
5%
PR
5%
Qikert
5%
regali
5%
REZ
5%
saadzin
5%
sjuush
5%
sk0r
5%
skullz
5%
slaxz-
5%
Sonic
5%
Starry
5%
Summer
5%
Swisher
5%
venomzera
5%
Vexite
5%
z4kr
5%
alex666
0%
arT
0%
AW
0%
Bart4k
0%
BELCHONOKK
0%
brnz4n
0%
chayJESUS
0%
chelo
0%
ChildKing
0%
decenty
0%
drop
0%
esenthial
0%
ewjerkz
0%
headtr1ck
0%
HexT
0%
history
0%
JamYoung
0%
kauez
0%
kaze
0%
kensizor
0%
kl1m
0%
kye
0%
L1haNg
0%
latto
0%
lux
0%
Mercury
0%
Moseyuh
0%
n1ssim
0%
noway
0%
npl
0%
r1nkle
0%
Snappi
0%
Tauson
0%
TiGeR
0%
try
0%
VINI
0%
westmelon
0%
xerolte
0%
xiELO
0%
xKacpersky
0%
XotiC
0%
zevy
0%
ztr
0%
Aucun quiz correspondant
Distribution des résultats
% des personnes avec chaque résultat
Percentile par nombre de réponses
Votre historique - résultats
Vous n’avez pas pris ce quiz depuis la dernière actualisation